| 000 | 00733nam a22002417a 4500 | ||
|---|---|---|---|
| 999 |
_c137786 _d137786 |
||
| 003 | dpl | ||
| 005 | 20230705151700.0 | ||
| 008 | 080909t xxu||||| |||| 00| 0 eng d | ||
| 010 | _aENG-117306 ENG-137280 | ||
| 020 |
_a9789325986718 _c325.00 |
||
| 035 | _aEN-100838 EN-120812 | ||
| 037 | _bDBAD / PUB | ||
| 040 | _cDBAD/PUB | ||
| 082 | _a301.153 | ||
| 100 | _aDutta,Mishra Anil | ||
| 245 |
_aMahatma Gandhi on education / _cby Anil Dutta Mishra |
||
| 260 |
_aNoida _bVikas Publishing House _c2015 |
||
| 270 |
_aE-28,Sector-8 _bNoida (UP) _e201301 |
||
| 300 |
_axxiii,356p. _c24cm (pbk) |
||
| 500 | _aIncludes bibliographical references | ||
| 650 |
_aEducation _zIndia |
||
| 942 |
_2ddc _cEN _mDUT _h301.153 |
||